000
00292nam a22001337a 4500
008
170609b xxu||||| |||| 00| 0 eng d
020
_a
9780060930547
041
_a
eng
080
_a
328
100
_a
19
101
_a
SHP
245
_a
PRESINDETAL AMBITION
_c
SHENKMAN.R
942
_2
udc
_c
BK
999
_c
16629
_d
16629